<?xml version="1.0" encoding="UTF-8"?>
<collection xmlns:xsi="http://www.w3.org/2001/XMLSchema-instance" xsi:schemaLocation="http://www.loc.gov/MARC21/slim http://www.loc.gov/standards/marcxml/schema/MARC21slim.xsd" xmlns="http://www.loc.gov/MARC21/slim">
 <record>
  <leader>00000cam a22000003i 4500</leader>
  <controlfield tag="001">UP-1685594773861985519</controlfield>
  <controlfield tag="003">Buklod</controlfield>
  <controlfield tag="005">20150207120708.0</controlfield>
  <controlfield tag="006">g||| |     ||   ||</controlfield>
  <controlfield tag="007">ta</controlfield>
  <controlfield tag="008">150212s2013    xx      r    |||| u|eng d</controlfield>
  <datafield tag="020" ind1=" " ind2=" ">
   <subfield code="a">9718857397 (v.4 : pbk.)</subfield>
  </datafield>
  <datafield tag="035" ind1=" " ind2=" ">
   <subfield code="a">(iLib)UPBAG-00016088110</subfield>
  </datafield>
  <datafield tag="037" ind1=" " ind2=" ">
   <subfield code="a">BC-65025</subfield>
   <subfield code="b">Book Trends</subfield>
   <subfield code="c">₱355.50</subfield>
  </datafield>
  <datafield tag="040" ind1=" " ind2=" ">
   <subfield code="a">DML</subfield>
   <subfield code="d">BAG</subfield>
   <subfield code="e">rda</subfield>
  </datafield>
  <datafield tag="041" ind1="0" ind2=" ">
   <subfield code="a">eng</subfield>
  </datafield>
  <datafield tag="090" ind1=" " ind2=" ">
   <subfield code="a">DS 666 C5</subfield>
   <subfield code="b">S46 2013</subfield>
  </datafield>
  <datafield tag="100" ind1="1" ind2=" ">
   <subfield code="a">See, Teresita Ang</subfield>
   <subfield code="e">author.</subfield>
  </datafield>
  <datafield tag="245" ind1="1" ind2="4">
   <subfield code="a">The Chinese in the Philippines</subfield>
   <subfield code="b">problems and perspectives</subfield>
   <subfield code="c">Teresita Ang See.</subfield>
  </datafield>
  <datafield tag="264" ind1=" " ind2="1">
   <subfield code="a">Manila</subfield>
   <subfield code="b">Kaisa Para sa Kaunlaran, Kaisa Heritage Center</subfield>
   <subfield code="c">2013.</subfield>
  </datafield>
  <datafield tag="300" ind1=" " ind2=" ">
   <subfield code="a">320 pages</subfield>
   <subfield code="b">illustrations</subfield>
   <subfield code="c">22 cm</subfield>
  </datafield>
  <datafield tag="505" ind1="0" ind2=" ">
   <subfield code="a">Volume 4 (2013) : Building bridges: preservation and propagation of Chinese heritage -- Historical realities, state policies, identity formation and the Chinese in the Philippines and South Africa -- The ethnic Chinese in the Philippines: political position and participation in political process -- China, the 'Chinese economy,' and the ethnic Chinese in the Philippines -- Research on the Chinese in the Philippines in the last two decades -- The state and public policies, civil society, and identity formation in multi-ethnic societies: the case of the Chinese in the Philippines -- Tongmenghui, Sun Yat-sen, the Chinese in the Philippines and the Filipino revolutionists -- Influx of new Chinese immigrants to the Philippines: problems and challenges -- Cultural influence of the Chinese overseas on the Qiaoxiang: the case of Shijun (石俊) migrants to the Philippines -- Short essays on tsinoy concerns : The ties that bind: The Ethnic Chinese and the Filipinos: shared History, Shared Destiny ; Limahong: Pirate, rebel or Hero? ; Crossing paths: Tita Cory, Kaisa and Me.</subfield>
  </datafield>
  <datafield tag="650" ind1=" " ind2="0">
   <subfield code="a">Chinese</subfield>
   <subfield code="z">Philippines.</subfield>
  </datafield>
  <datafield tag="905" ind1=" " ind2=" ">
   <subfield code="a">FI</subfield>
  </datafield>
  <datafield tag="852" ind1="0" ind2=" ">
   <subfield code="a">UPBAG</subfield>
   <subfield code="b">UPBAG-MAIN</subfield>
   <subfield code="h">DS 666 C5 S46 2013</subfield>
  </datafield>
  <datafield tag="942" ind1=" " ind2=" ">
   <subfield code="a">Book</subfield>
  </datafield>
 </record>
</collection>
